000
00315nam a22001337a 4500
020
_a
978-1118343289
041
_a
ENG
100
_a
Lillesand .T.M
245
_a
Remote Sensing And Image Interpretation
260
_a
New york
_b
John Wiley & Sons
_c
2000
300
_a
724
650
_a
SWCE
856
_u
SWCE ( 06 )
999
_c
1924
_d
1924